Statistics for Most Penalties in the Champion's League

Click here to take the quiz!

General Stats

  • This quiz has been taken 227 times
    (163 since last reset)
  • The average score is 21 of 29

Answer Stats

#PenaltiesClub(s)NationalityAnswer% Correct
119Juventus, Real Madrid, Manchester UnitedPortugalCristiano Ronaldo
100%
218Barcelona, Paris Saint-GermainArgentinaLionel Messi
100%
316Bayern München, Borussia Dortmund, BarcelonaPolandRobert Lewandowski
100%
78Bayern MünchenGermanyThomas Müller
100%
411Barcelona, Manchester City, Atletico MadridArgentinaSergio Agüero
98%
510Real Madrid, BarcelonaPortugalLuís Figo
97%
86Leicester City, Manchester CityAlgeriaRiyad Mahrez
95%
155Real Madrid, ChelseaBelgiumEden Hazard
93%
86Manchester United, ArsenalNetherlandsRobin van Persie
93%
86LiverpoolEnglandSteven Gerrard
92%
155AC Milan, Inter Milan, Paris St. Germain, BarcelonaSwedenZlatan Ibrahimović
92%
155AS Roma, Chelsea, Liverpool, BaselEgyptMohamed Salah
90%
510Real Madrid, Manchester United, PSV EindhovenNetherlandsRuud van Nistelrooy
87%
86AC Milan, BarcelonaBrazilRonaldinho
85%
155Inter Milan, Barcelona, Juventus, Bayern MunichChileArturo Vidal
84%
86Chelsea, RB LeipzigGermanyTimo Werner
84%
86JuventusItalyAlessandro Del Piero
82%
155Chelsea, Barcelona, ArsenalSpainCesc Fàbregas
81%
155Dynamo Kyiv, Chelsea, AC MilanUkraineAndriy Shevchenko
78%
155Real Madrid, AC MilanBrazilKaká
77%
155AC Milan, Chelsea, ArsenalFranceOlivier Giroud
74%
155Galatasaray, Steaua BucureştiRomaniaGheorghe Hagi
68%
86AC Milan, BarcelonaBrazilRivaldo
67%
155JuventusFranceMichel Platini
32%
155Sporting Lisbon, Benfica. Lokomotiv MoscowPortugalJoão Mário
10%
155PanathinaikosGreeceDimitrios Saravakos
3%
155GalatasarayTurkeyMetin Oktay
3%
155LiverpoolEnglandPhil Neal
3%
155Sparta Prague, Rapid ViennaSlovakiaVladimír Labant
2%

Score Distribution

Percentile by Number Answered

Percent of People with Each Score

Your Score History

You have not taken this quiz since the last reset